=LDR 00000nam 2200000 4500 =001 INLIS000000000013984 =005 20130612105306 =008 ***********************************Ind** =035 ##$$0010-061300000013984 =041 ##$$a Ind =082 ##$$a 375.076 =090 ##$$a 375.076, Sur p =100 ##$$a Surapranata, Sumarna =245 ##$$a Panduan penulisan tes tertulis implementasi kurikulum 2004, Sumarna Surapranata =260 ##$$a 2004 $b Bandung =300 ##$$a 247 hlm, Ilus, 24 cm =650 ##$$a Pendidikan - Kurikulum tes tertulis =850 ##$$a NBPNMAT